LEADER 01518nam a2200337 a 4500 001 000000140840 003 CaOOAMICUS 005 20141205152954.0 008 141205m19289999it u000 u ita r 040 $aPUL$bita 041 1 $aita$hfre 100 1 $aDescartes, René,$d1596-1650.$0(OLS)http://pul/name/6016 240 10$aDiscours de la méthode.$lItaliano.$0(OLS)http://pul/title/72041 245 10$aDiscorso sul metodo e meditazioni filosofiche /$cRenato Descartes ; traduzione di Adriano Tilgher. 250 $a2. ed. riveduta. 260 $aBari :$bLaterza & figli,$c1928- 300 $av. ;$c22 cm 490 1 $aClassici della filosofia moderna ;$v16/1-2 504 $aBibliografia in nota. 700 1 $aTilgher, Adriano,$d1887-1941.$0(OLS)http://pul/name/4779 830 0$aClassici della filosofia moderna ;$v16/1-2.$0(OLS)http://pul/title/8124 850 $aPUL 852 $aPUL$W1$xDP1 Fondo Capitani$y116$m2 A 89.16.1$j162602$av. 1$qFondi$B162223$CPULBib$Z2$F162223 $HCap778 $82 852 $aPUL$W1$xDP1 Fondo Capitani$y116$m2 A 89.16.2$j162603$av. 2$qFondi$B162224$CPULBib$Z2$F162224 $HCap779 $82 900 $aCartesio,$d1596-1650$96016 941 1 $a1 961 $aNota ms. di possesso: Capitani. 961 $aNota ms. di possesso: Capitani. 996 $6245$aDiscorso sul metodo e meditazioni filosofiche$9(OLS)http://pul/title/178201 996 $6260$aBari :$bLaterza & figli$9(OLS)http://pul/publisher/68232 LEADER 01110nam a2200289 a 4500 001 000000173411 003 CaOOAMICUS 005 20200514122147.0 008 200514t2019 it u000 u ita r 020 $a978-88-6929-439-6* 032 $aLibriCat 040 $aPUL$bita$d 100 1 $aMasi, Luciano.$0(OLS)http://pul/name/74712 245 13$aLe dinamiche del femminicidio / $cLuciano Masi. 260 $aTorino :$bEffatà,$c©2019. 300 $a109 p. ;$c21 cm 504 $aBibliografia in nota. 650 4$aDonne$xViolenza.$0(OLS)http://pul/subject/45330 650 4$aViolenza$xAspetti psicologici.$0(OLS)http://pul/subject/39388 850 $aPUL 852 $aPUL$W1$xSL Filosofia 3$y81$m155. 33 MASLU 1$j197405$qDDC 21$B202188$CPULBib$Z2$F202188 $H134140 $82 941 1 $a9 960 $aViolenza contro le donne$945330 996 $6020$a978-88-6929-439-6*$9(OLS)http://pul/number/167416 996 $6245$aLe dinamiche del femminicidio / $9(OLS)http://pul/title/214582 996 $6260$aTorino :$bEffatà$9(OLS)http://pul/publisher/75736